000 00634nas a2200229 4500
001 BR9101090
003 BR-BrBNA
005 20231205091944.0
007 ta
008 230509b bl.|||p| |||| 00| 00por d
040 _aBR-BrBNA
_bpor
_cBiblioteca Nacional de Agricultura
041 _a(Pt)
072 _aL73
100 1 _aOliveira, C.M.B. de
245 1 _aGasterofilose dos equinos
650 _aEQUINO
650 _aGASTEROFILOSE
650 _aCAVALO
773 0 _tLavoura Arrozeira (Brazil)
_xISSN 0023-9143
_g(Aug 1984), v. 37(353) p. 57-58
_wBR9101090
909 _a202311
_bLúcia
_c55
_dLúcia Elande
942 _2AGRIS
_n0
_cANA
999 _c128351
_d128351